Redes Sociales y sismología: educación y prevención en torno a amenazas sísmicas = Social networks and seismology: education and prevention on seismic hazards /

Guardado en:
Bibliografiske detaljer
Hovedforfatter: Lücke, Oscar H.
Andre forfattere: Linkimer, Lepolt
Format: Texto
Tags: Tilføj Tag
Ingen Tags, Vær først til at tagge denne postø!

MARC

LEADER 00000 a a2200000 04500
001 48691
003
040
100 |a Lücke, Oscar H.  
245 |a Redes Sociales y sismología: educación y prevención en torno a amenazas sísmicas =   |b Social networks and seismology: education and prevention on seismic hazards /  |c Oscar H. Lücke, Lepolt Linkimer 
700 |a Linkimer, Lepolt  
773 |a volumen93, número2, (2015), páginas 23-33 : gráficos, mapas  
999 |c 37163  |d 37163